000 007080000a22001930004500
041 0 _aSPA
082 0 4 _aG 173.7 C7746c
100 1 _aCoolidge, Fe C. de
245 1 0 _aCon Cristo en el hogar / Fe C. de Coolidge
260 _aKansas City, Missouri, USA : Casa Nazarena
300 _a95 Pag.
505 0 0 _ael hogar -- los padres -- deberes de los padres -- los hijos -- cómo enseñar a nuestros hijos -- acerca de Dios -- A orar -- A obedecer -- la mayordomía -- el camino de la salvación -- a vivir una vida cristiana
650 1 4 _aFAMILIA CRISTIANA
001 1170
942 _cBK
999 _c32500
_d32500
336 _atexto
_btxt
_2rdacontent
337 _2rdamedia
_asin mediación
_bn
338 _2rdacarrier
_avolumen
_bnc